000 00637nam a2200205 i 4500
001 101265
003 ES-MaACL
005 20250930063108.0
007 t|
008 051017s1925 sp ||||1| spa d
100 1 _aMayer, August Liebmann,
_d1885-1944
_979345
245 1 0 _aFrancisco de Goya /
_cAugusto L. Mayer; traducción de Manuel Sánchez Sarto.
260 _aBarcelona :
_bLabor,
_c1925.
300 _aIX, 300 p., 261 lám. ;
_c27 cm.
600 1 4 _aGoya, Francisco de,
_d1746-1828
_9240353
700 1 _aSánchez Sarto, Manuel.
_9102931
852 _aES-MaACL
_jF-1119
942 _2udc
999 _c101265
_d101265